| 000 | 00356nam a2200133Ia 4500 | ||
|---|---|---|---|
| 008 | 240624s9999 xx 000 0 und d | ||
| 041 | _aeng | ||
| 082 | _a512 COH | ||
| 100 | _aCOHEN JOEL S | ||
| 245 | _aCOMPUTER ALGEBRA AND SYMBOLIC COMPUTATION | ||
| 260 |
_c2005 _aHyderabad _bUniversities Press |
||
| 300 | _axvii, : 323 : p. : cm. ; 23 | ||
| 365 |
_cRS _b27 |
||
| 999 |
_c4576 _d4576 |
||